Bilecik Bilecik Bilecik Bilecik Bilecik

1864 vilayet nizamnamesi/ (Record no. 54303)

MARC details
000 -BAŞLIK
Sabit Uzunluktaki Kontrol Alanı 01191nam a22003497a 4500
001 - KONTROL NUMARASI
Control Dosyası 0054495
003 - KONTROL NUMARASI KİMLİĞİ
Kontrol Alanı KOHA_MİRAKIL
005 - EN SON İŞLEM TARİHİ ve ZAMANI
Kontrol Alanı 20260207003947.0
007 - FİZİKSEL TANIM SABİT ALAN - GENEL BİLGİ
Sabit uzunluklu kontrol alanı ta
008 - SABİT UZUNLUKTAKİ VERİ ÖGELERİ - GENEL BİLGİ
Sabit Alan 220805b2015 tu |||gr||||#0|||0|tur |
020 ## - ISBN - ULUSLARARASI STANDART KİTAP NUMARASI
Isbn 9789758918683
040 ## - KATALOGLAMA KAYNAĞI
Özgün Kataloglama Kurumu TR-BiSEU
Kataloglama Dili tur
Çeviri Kurumu TR-BiSEU
Açıklama Kuralları rda
041 0# - DİL KODU
Metin ya da ses kaydının dil kodu tur
044 ## - YAYINLAYAN/ÜRETEN KURULUŞUN ÜLKE KODU
ISO country code tu
050 ## - SINIFLAMA ve YER NUMARASI
Sınıflama Numarası KKX2858
Yer Numarası .B56 2015
245 0# - ESER ADI BİLDİRİMİ
Başlık 1864 vilayet nizamnamesi/
Sorumluluk Bildirimi Editörler rkan Tural, Selim Çapar.
264 #1 - ÜRERİM, YAYIN, DAĞITIM ve TELİF BİLDİRİMİ
Yayın yeri Ankara :
Yayınlayan TODAİE
Yayın tarihi 2015
300 ## - FİZİKSEL TANIMLAMA
Sayfa, Cilt vb. 444 sayfa: resimli; 25 cm.
336 ## - İÇERİK TÜRÜ
Content type term metin
Content type code txt
Source rdacontent
337 ## - MEDYA TÜRÜ
Media type term aracısız
Media type code n
Source rdamedia
338 ## - TAŞIYICI TÜRÜ
Carrier type term cilt
Carrier type code nc
Source rdacarrier
490 1# - DİZİ BİLDİRİMİ
Dizi Bildirimi TODAİE Yayın No ;
Cilt Numarası 387.
650 #0 - KONU BAŞLIĞI EK GİRİŞ - KONU TERİMİ
Konusal terim veya coğrafi ad Local government --Law and legislation--Turkey--Congresses.
9 (RLIN) 101196
650 #0 - KONU BAŞLIĞI EK GİRİŞ - KONU TERİMİ
Konusal terim veya coğrafi ad Executive departments-- Turkey --Congresses.
9 (RLIN) 101197
650 #0 - KONU BAŞLIĞI EK GİRİŞ - KONU TERİMİ
Konusal terim veya coğrafi ad Administrative agencies --Turkey--Congresses.
9 (RLIN) 101198
650 #0 - KONU BAŞLIĞI EK GİRİŞ - KONU TERİMİ
Konusal terim veya coğrafi ad Yerel yönetim--Yasalar--Türkiye-- Kongreler.
9 (RLIN) 101199
650 #0 - KONU BAŞLIĞI EK GİRİŞ - KONU TERİMİ
Konusal terim veya coğrafi ad İcra bölümleri--Türkiye-- Kongreler.
9 (RLIN) 101200
650 #0 - KONU BAŞLIĞI EK GİRİŞ - KONU TERİMİ
Konusal terim veya coğrafi ad İdari kurumlar --Türkiye --Kongreler.
9 (RLIN) 101201
830 1# - SERİ EK GİRİŞİ - TEKBİÇİM ESER ADI
Tekbiçim Başlık TODAİE Yayın No ;
Volume number/sequential designation 387.
9 (RLIN) 47365
907 ## - LOCAL DATA ELEMENT G, LDG (RLIN)
a Sempozyum
942 ## - EK GİRİŞ ÖGELERİ (KOHA)
Source of classification or shelving scheme Library of Congress Classification
Koha item type Book
Holdings
Materyal Türü Kalıcı Konum Mevcut Konum Raf Yeri Sınıflandırma Kaynağı Edinim Bilgisi Ana Konular Alt Konular Yer Numarası Demirbaş Numarası Fatura Tarihi Geri Çekilme Durumu Kayıp Durumu Hasarlı Durumu Kredi için değil Kayıt Tarih Toplam Ödünçverme Son Görülme Tarihi Son Kontrol Tarihi Genel / Bağış Notu
Book BŞEÜ Bozüyük MYO Kütüphanesi BŞEÜ Bozüyük MYO Kütüphanesi   Library of Congress Classification Bağış HUKUK Türkiye Hukuku KKX2858 .B56 2015 0067402 02/02/2026         05/08/2022   06/03/2025 06/03/2025 Genel Bağış
Book Prof. Dr. Azmi Özcan Kütüphanesi Prof. Dr. Azmi Özcan Kütüphanesi Uluğbey Salonu Library of Congress Classification Bağış HUKUK Türkiye Hukuku KKX2858 .B56 2015 0054495 02/02/2026         31/12/2015   05/12/2024 05/12/2024 Genel Bağış